Diccionario de Autoridades

Uloženo v:
Podrobná bibliografie
Korporativní autor: Real Academia Española (Autor)
Médium: Kniha
Jazyk:španělština
Vydáno: Madrid Gredos 1979
Edice:Biblioteca Románica Hispánica
Témata:
Tagy: Přidat tag
Žádné tagy, Buďte první, kdo vytvoří štítek k tomuto záznamu!

MARC

LEADER 00000nam a2200000 a 4500
001 UCZ8189
003 CL-VaPUC
008 960119e19790000SP |||||||||||||||||spa|d
082 0 4 |a 463  |b DIC  |2 21 
110 2 |a Real Academia Española  |e author  |9 353403 
245 1 0 |a Diccionario de Autoridades 
300 |a v 
942 |c BK 
945 |d 19960119 00:00:00  |a rleighto 
260 |a Madrid  |b Gredos  |c 1979 
650 0 |a Diccionarios  |9 256200 
650 0 |a Español  |9 255372 
583 |a last modification  |c 19960119 00:00:00  |k Rodrigo Vera 
490 0 |a Biblioteca Románica Hispánica 
999 |c 244138  |d 244136 
952 |0 0  |1 0  |4 0  |6 463_000000000000000_DIC_1979  |7 0  |8 F  |9 258101  |a BIBEDU  |b BIBEDU  |d 2019-11-19  |h v.1  |i 3165213  |o 463 DIC 1979  |p 3165213  |r 2023-01-13  |w 2019-11-19  |y BK_F  |k LIT 
952 |0 0  |1 0  |4 0  |6 463_000000000000000_DIC_1979  |7 0  |8 F  |9 258102  |a BIBEDU  |b BIBEDU  |d 2019-11-19  |h v.2  |i 3165221  |o 463 DIC 1979  |p 3165221  |r 2023-01-13  |w 2019-11-19  |y BK_F  |k LIT 
952 |0 0  |1 0  |4 0  |6 463_000000000000000_DIC_1979  |7 0  |8 F  |9 258103  |a BIBEDU  |b BIBEDU  |d 2019-11-19  |h v.3  |i 316523K  |o 463 DIC 1979  |p 316523K  |r 2023-01-13  |w 2019-11-19  |y BK_F  |k LIT